The unified modeling language user guide

Αποθηκεύτηκε σε:
Λεπτομέρειες βιβλιογραφικής εγγραφής
Κύριος συγγραφέας: Booch, Grady
Άλλοι συγγραφείς: Rumbaugh, James, Jacobson, Ivar
Μορφή: Βιβλίο
Γλώσσα:English
Δημοσίευση: Reading, Mass. : Addison-Wesley, c1999
Σειρά:Addison-Wesley object technology series
Θέματα:
Ετικέτες: Προσθήκη ετικέτας
Δεν υπάρχουν, Καταχωρήστε ετικέτα πρώτοι!

MARC

LEADER 00000cam a2200000 i 4500
001 1/72187
008 990315s1999 eng d
020 |a 0-201-57168-4 
035 |l 10048503 
040 |a GR-MY-UA  |b gre  |e aacr 
041 0 |a eng 
082 0 |a 005.117  |2 (21) 
100 1 |a Booch, Grady. 
245 1 4 |a The unified modeling language user guide /  |c Grady Booch, James Rumbaugh, Ivar Jacobson 
260 |a Reading, Mass. :   |b Addison-Wesley,   |c c1999 
300 |a xxii, 482 p.;  |b ill.;  |c 25 cm. 
490 1 |a Addison-Wesley object technology series 
500 |a The ultimate tutorial to the UML from the original designers 
504 |a Includes index 
650 0 0 |a Computer software  |x Development. 
650 0 0 |a UML (Computer science) 
700 1 |a Rumbaugh, James. 
700 1 |a Jacobson, Ivar. 
830 0 |a Addison-Wesley object technology series 
852 |a INST  |b SAMOS  |e 19990315  |h 005.17 BOO  |p 005300013337  |q 005300013337  |t BK  |y 0 
852 |a INST  |b SYROS  |e 20030318  |h 005.117 BOO  |p 005500002430  |q 005500002430  |t BK  |y 0 
901 |a BIBL5-2003-1 
901 |a BIBL-1999-1 
909 |a Ε  |b 103655 
909 |a Σ  |b 062997 
922 |a 3ΕΛΗ  |b 199901  |c ΕΠΕΑΕΚ/ΜΑΘ  |d LEADER 
970 |a ΜΑΝΩΛΑΡΑΚΗ  |b ΜΑΡΙΑ  |z 2003/03/18